The raven and other tales / (Record no. 2666)

MARC details
000 -LEADER
fixed length control field 00744nam a22002177a 4500
001 - CONTROL NUMBER
control field 2666
003 - CONTROL NUMBER IDENTIFIER
control field FISKH
005 - DATE AND TIME OF LATEST TRANSACTION
control field 20250522160513.0
008 - FIXED-LENGTH DATA ELEMENTS--GENERAL INFORMATION
fixed length control field 240109b cb ||||| |||| 00| 0 eng d
020 ## - INTERNATIONAL STANDARD BOOK NUMBER
International Standard Book Number 9781407144030
040 ## - CATALOGING SOURCE
Original cataloging agency FISKH
Language of cataloging eng
Transcribing agency FISKH
Modifying agency FISKH
050 ## - LIBRARY OF CONGRESS CALL NUMBER
Classification number PZ7
082 ## - DEWEY DECIMAL CLASSIFICATION NUMBER
Classification number 818.309
100 ## - MAIN ENTRY--PERSONAL NAME
Personal name Poe, Edgar Allan
245 ## - TITLE STATEMENT
Title The raven and other tales /
Statement of responsibility, etc. Edgar Allan Poe
260 ## - PUBLICATION, DISTRIBUTION, ETC.
Place of publication, distribution, etc. London :
Name of publisher, distributor, etc. Scholastic,
Date of publication, distribution, etc. 2014.
300 ## - PHYSICAL DESCRIPTION
Extent 346 pages :
Dimensions 20 cm
520 ## - SUMMARY, ETC.
Summary, etc. A stunning collection of short stories and poetry containing the very best of the master of the macabre. Edgar Allan Poe's classic horror stories are both thought-provoking and entertaining.
650 ## - SUBJECT ADDED ENTRY--TOPICAL TERM
Topical term or geographic name entry element Poem
Form subdivision Juvenile Literature
942 ## - ADDED ENTRY ELEMENTS (KOHA)
Source of classification or shelving scheme Dewey Decimal Classification
Koha item type Books
Suppress in OPAC No
Holdings
Withdrawn status Lost status Source of classification or shelving scheme Damaged status Not for loan Collection Home library Current library Shelving location Date acquired Total Checkouts Full call number Barcode Date last seen Price effective from Koha item type
    Dewey Decimal Classification     Fiction Footprints International School Library Network Toul Kork Campus Footprints International School Library Network Toul Kork Campus   01/09/2024   POE 818.309 PZ7 FISSE00821 01/09/2024 01/09/2024 Books